Social psychiatry and psychiatric epidemiology
| Previous Title: | Social psychiatry (Online) |
|---|---|
| Format: | Electronic Journal |
| Language: | English |
| Published: |
[Berlin] :
Springer International,
1988-
Darmstadt : Steinkopff Verlag [Dordrecht] : Springer Netherlands |
| Subjects: | |
| Online Access: | Full text available from Research Library: 01/01/1997 to 1 year ago |
MARC
| LEADER | 00000nas a2200000 a 4500 | ||
|---|---|---|---|
| 001 | ssj0003973 | ||
| 003 | WaSeSS | ||
| 005 | 20200512172242.0 | ||
| 006 | m d | ||
| 007 | cr n | ||
| 008 | 000408c19889999ne mr p s 0 a0eng c | ||
| 010 | |a 2004233407 | ||
| 016 | 7 | |a 013095963 |2 Uk | |
| 022 | |a 1433-9285 |l 0933-7954 |y 0933-7954 | ||
| 035 | |a (WaSeSS)ssj0003973 | ||
| 040 | |a OH1 |b eng |e pn |c OH1 |d OCLCQ |d GUA |d OCLCQ |d FQM |d OCLCQ |d MUQ |d OCL |d MYG |d OCLCQ |d UKMGB |d OCLCQ |d BUF |d OCLCF |d OCLCQ |d WT2 |d UEJ |d OCLCQ |d APUMS |d OCLCQ |d OCLCO |d AU@ |d OCLCO |d WYU |d U3W |d OCLCO |d OCLCA |d AUD |d OCLCA |d VT2 |d OCLCO |d OCLCA |d DLC |d OCLCO |d NJT |d OCLCO |d OCLCA |d OCLCQ |d WaSeSS | ||
| 042 | |a pcc | ||
| 050 | 0 | 0 | |a RC321 |
| 060 | 0 | 0 | |a W1 |b SO123LH |
| 082 | 0 | 4 | |a 616.89005 |
| 130 | 0 | |a Social psychiatry and psychiatric epidemiology (Online) | |
| 245 | 1 | 0 | |a Social psychiatry and psychiatric epidemiology |h [electronic resource]. |
| 246 | 1 | 7 | |a Soc psychiatry psychiatr epidemiol |
| 260 | |a [Berlin] : |b Springer International, |c 1988- | ||
| 260 | 2 | |3 <1999-2008> : |a Darmstadt : |b Steinkopff Verlag | |
| 260 | 3 | |3 <2009-> : |a [Dordrecht] : |b Springer Netherlands | |
| 310 | |a Monthly | ||
| 362 | 1 | |a Began with v. 23, no. 1 (Mar. 1988). | |
| 500 | |a "The international journal for research in social and genetic epidemiology and mental health services." | ||
| 506 | |a License restrictions may limit access. | ||
| 525 | |a Supplements accompany some issues. | ||
| 588 | 0 | |a Vol. 23, no. 1 (Mar. 1988); title from contents screen (SpringerLink, viewed Oct. 21, 2009). | |
| 588 | 1 | |a Vol. 54, no. 1 (Jan. 2019) (SpringerLink website, viewed Jan. 31, 2019). | |
| 650 | 0 | |a Social psychiatry |v Periodicals. | |
| 650 | 0 | |a Psychiatric epidemiology |v Periodicals. | |
| 650 | 2 | |a Community Psychiatry. | |
| 650 | 2 | |a Epidemiology. | |
| 650 | 2 | |a Mental Disorders. | |
| 650 | 6 | |a Psychiatrie sociale |v Périodiques. | |
| 650 | 6 | |a Épidémiologie psychiatrique |v Périodiques. | |
| 650 | 7 | |a Psychiatric epidemiology. |2 fast |0 (OCoLC)fst01081006 | |
| 650 | 7 | |a Social psychiatry. |2 fast |0 (OCoLC)fst01122811 | |
| 655 | 0 | |a Electronic journals. | |
| 776 | 0 | 8 | |i Print version: |t Social psychiatry and psychiatric epidemiology |x 0933-7954 |w (DLC) 89640624 |w (OCoLC)17661557 |
| 780 | 0 | 0 | |t Social psychiatry (Online) |x 1433-9285 |w (DLC) 2009242361 |w (OCoLC)60626474 |
| 850 | |a DLC | ||
| 856 | 4 | 0 | |z Full text available from Research Library: 01/01/1997 to 1 year ago |u https://search.proquest.com/publication/47311 |